Rodrigo Facio Brenes: vigésimo aniversario de su muerte /

Guardado en:
書目詳細資料
主要作者: Romero Pérez, Jorge Enrique
企業作者: Universidad de Costa Rica. Facultad de Derecho. Instituto de Investigaciones Jurídicas
格式: Texto
出版: San José : Universidad de Costa Rica
主題:
標簽: 添加標簽
沒有標簽, 成為第一個標記此記錄!

MARC

LEADER 00000 a a2200000 04500
001 20670
003
040 |a CRAI/IIS  |c CRAI/IIS 
090 |a 1007 F139r  
100 |a Romero Pérez, Jorge Enrique  
110 |a Universidad de Costa Rica. Facultad de Derecho. Instituto de Investigaciones Jurídicas  
245 |a Rodrigo Facio Brenes: vigésimo aniversario de su muerte /   |c Jorge E. Romero Pérez, compilador  
260 |a San José :   |b Universidad de Costa Rica  
300 |a 48 p.  
650 |a ARTICULOS BIBLIOGRAFICOS  
650 |a INTELECTUALES  
650 |a POLITICA/RODRIGO FACIO BRENES  
999 |c 4806  |d 4806